| 000 | 00514nam a2200181Ia 4500 | ||
|---|---|---|---|
| 003 | OSt | ||
| 005 | 20200824115103.0 | ||
| 008 | 190216s9999||||xx |||||||||||||| ||und|| | ||
| 020 | _a9780070992191 | ||
| 040 | _coclc | ||
| 082 |
_a548 _bAZA/I |
||
| 100 |
_aAzaroff, Leonid V _94309 |
||
| 245 | 0 |
_aIntroduction To Solids / _cLeonid V Azaroff |
|
| 260 |
_bTata Mcgrawhill Publishers, _c2006. _aNew Delhi: |
||
| 300 | _a460p | ||
| 650 | _aChemistry | ||
| 942 |
_cBK _2ddc _h548 _iAZA/I _k548 _mAZA/I |
||
| 999 |
_c3315 _d3315 |
||